000 00457nab a22001457 4500
003 ES-SlBCS
005 20230609204042.0
008 230609s2023 sp ||||| |||| 00| 0 gag d
040 _aES-SlBCS
_bspa
041 _agag
100 1 _aCarriedo Tejedo, Manuel
_967731
245 1 0 _aCronología de los obispos lucenses en el siglo IX
_cManuel Carriedo Tejedo
773 0 _gVol. 66, núm. 33, 2023, págs. 185-198
_tLucensia
_wRev259
_x1130-6831
942 _2lcc
_cAR
999 _c890355
_d890355